|
|
|
|
| LEADER |
00000nam a22000007a 4500 |
| 005 |
20190918133625.0 |
| 007 |
cr|||| |||| |
| 008 |
190918s2019 gb |||||s|||| 00||0 eng d |
| 020 |
|
|
|a 9786139994878
|
| 035 |
|
|
|a 25809
|
| 040 |
|
|
|a vLex
|
| 090 |
|
|
|c 9560
|d 9560
|
| 100 |
1 |
|
|a Dumitrum, Ilie
|
| 245 |
1 |
0 |
|a Organizations, conventions and public policies on tourism
|h [Recurso electrn̤ico] /
|c Ilie Dumitru
|
| 256 |
|
|
|a Servicio en ln̕ea
|
| 260 |
|
|
|a Londres:
|b Lambert Academic Publishing,
|c 2019
|
| 300 |
|
|
|a 1 recurso electrn̤ico
|
| 500 |
|
|
|a In this book, regarding the "international organizations, conventions and public policies in the field of tourism", we try to analize main international working bodies which support the exchange of information and cooperation between states in order to develop the tourism phenomenon. Moreover, international conventions and agreements applicable in the tourism industry are also the subject of this book. Finally, it is found in its last part a short exposure of the international and some nationals public policies in the field of tourism.
|
| 506 |
1 |
|
|a Disponible solo en los productos indicados
|d vLex Global
|d vLex Global (Academic Edition, excluding Law Schools)
|d vLex Global (U.S. Academic Edition, Law Schools)
|d vLex Global (U.S. Academic Edition, excluding Law Schools)
|d vLex Global (Academic Edition, Law Schools)
|
| 650 |
0 |
4 |
|a Derecho Pb︢lico y Administrativo
|z Reino Unido
|
| 740 |
0 |
|
|a vLex Libros (Servicio en ln̕ea)
|
| 856 |
4 |
0 |
|u http://vlex.com/source/25809
|z Acceso restringido
|
| 942 |
|
|
|c BOOK
|
| 999 |
0 |
|
|a Public and Administrative Law
|